Normal view
MARC view
- Salman Nasir.
Entry Personal Name
001 - CONTROL NUMBER
- control field: 27863
003 - CONTROL NUMBER IDENTIFIER
- control field: NUST
005 - DATE AND TIME OF LATEST TRANSACTION
- control field: 20200122120306.0
008 - FIXED-LENGTH DATA ELEMENTS
- fixed length control field: 200122|| aca||aabn | a|a d
040 ## - CATALOGING SOURCE
- Original cataloging agency: NUST
- Transcribing agency: NUST
100 ## - HEADING--PERSONAL NAME
- Personal name: Salman Nasir.
670 ## - SOURCE DATA FOUND
- Source citation: Work cat.: (NUST): Sheikh, Aleena 27862, Cultural Cross-Roads:, 2019.
